000 00819nam a2200313Ia 4500
008 160803s9999 xx 000 0 und d
020 _a978-0590662314
100 _aBaglio, Ben M.
245 _aPonies at the point /
245 _cBen M. Baglio ; illustrations by Jenny Gregory ; cover illustrations by Mary Ann Lasher.
260 _aNew York :
260 _bScholastic Inc.
260 _c1998
300 _a136 pages :
300 _billustrations ;
300 _c20 cm.
500 _a"An Apple paperback."
650 _aAnimals --
650 _aAnimals --
650 _aIreland --
650 _aPonies --
650 _aPonies --
650 _xFiction.
650 _xFiction.
650 _xFiction.
650 _xJuvenile fiction.
650 _xJuvenile fiction.
700 _a720
999 _c298449
_d298449